Stadtbezirke von New York City - Statistiken

Allgemein
  • Dieses Quiz wurde 8.576 mal gespielt
  • Das Durchschnittsergebnis liegt bei 3 aus 5
Antworten auf der Karte
Die Antworten werden auf der Karte rot bzw. grün angezeigt, abhängig davon wie oft sie richtig erraten wurden.
 
Antwortstatistiken
Borough % Korrekt
Manhattan
83%
Brooklyn
74%
Queens
70%
The Bronx
69%
Staten Island
42%
Keine übereinstimmenden Quizze gefunden
Verteilung der Resultate
Anzahl Personen mit jedem Resultat
Perzentil nach korrekt beantworteten Fragen
Ihre Resultats-Entwicklung
Sie haben dieses Quiz noch nicht gespielt